| 000 | 02868nam a22003017a 4500 | ||
|---|---|---|---|
| 005 | 20120627114220.0 | ||
| 010 | _aB-485828-834 | ||
| 020 |
_a8187771615 _c120.00 |
||
| 035 | _aB-485828-834 | ||
| 037 | _bके.के.पब्लिकेशंस | ||
| 082 | _a808.88 | ||
| 100 |
_aशुक्ल, माता प्रसाद _954272 |
||
| 245 |
_aरेखाओं के बीच/ _c माता प्रसाद शुक्ल |
||
| 260 |
_aगाजियाबाद _bपराग बुक्स _c2012 |
||
| 270 |
_aई-28, साजपत नगर, साहिबाबाद _bगाजियाबाद _e201005 _k0120-4112210 |
||
| 300 |
_a103 पृ़ _c22 सें.मी.(सजिल्द) |
||
| 700 |
_aरचना _949520 |
||
| 942 |
_2ddc _cHN _mशुक्लमा _h808.88 |
||
| 999 |
_c68199 _d68199 |
||